[Event "15th Karpov GM 2014"]
[Site "Poikovsky RUS"]
[Date "2014.05.12"]
[Round "2.1"]
[White "Motylev,A"]
[Black "Morozevich,A"]
[Result "0-1"]
[WhiteElo "2687"]
[BlackElo "2719"]

1.e4 e5 2.Nf3 Nc6 3.Bb5 a6 4.Ba4 Nf6 5.O-O Be7 6.d3 b5 7.Bb3 d6 8.a3 O-O
9.Nc3 Bg4 10.Be3 Nd4 11.Bxd4 exd4 12.Nd5 Nd7 13.h3 Bxf3 14.Qxf3 c6 15.Nf4 Rb8
16.Qd1 a5 17.Ne2 Bf6 18.a4 Nc5 19.Nc1 Qc7 20.axb5 Rxb5 21.Ra3 Rfb8 22.Ba2 a4
23.b3 axb3 24.Nxb3 Ne6 25.g3 d5 26.Nd2 Be7 27.Rb3 Bb4 28.exd5 cxd5 29.Nf3 Qa5
30.Rb2 R5b6 31.Bb3 Bc3 32.Ra2 Qc5 33.Qe2 Nc7 34.Nh4 Re8 35.Qg4 g6 36.Qg5 Rbe6
37.Ba4 Re5 38.Qf6 R8e6 39.Qd8+ Kg7 40.Kg2 Rf6 41.Bd7 Re2 42.Nf3 Qd6 43.Ra7 Ne6
44.Qc8 Nf8 45.Ba4 Bd2 46.Nxd4 Re1 47.Qc7 Rxf1 48.Kxf1 Qb4 49.Qe5 Bc3 50.Be8 Qxd4
51.Rxf7+ Kg8  0-1

[Event "15th Karpov GM 2014"]
[Site "Poikovsky RUS"]
[Date "2014.05.13"]
[Round "3.3"]
[White "Jakovenko,D"]
[Black "Motylev,A"]
[Result "1/2-1/2"]
[WhiteElo "2730"]
[BlackElo "2687"]

1.d4 Nf6 2.c4 e6 3.Nf3 Bb4+ 4.Nbd2 b6 5.a3 Bxd2+ 6.Bxd2 Bb7 7.Bg5 d6 8.e3 Nbd7
9.Qc2 h6 10.Bh4 g5 11.Bg3 Ne4 12.Nd2 Nxg3 13.hxg3 Qe7 14.O-O-O O-O-O 15.f3  1/2-1/2

[Event "15th Karpov GM 2014"]
[Site "Poikovsky RUS"]
[Date "2014.05.14"]
[Round "4.4"]
[White "Motylev,A"]
[Black "Bacrot,E"]
[Result "1/2-1/2"]
[WhiteElo "2687"]
[BlackElo "2721"]

1.e4 e5 2.Nf3 Nc6 3.Bb5 Nf6 4.O-O Nxe4 5.d4 Nd6 6.Bxc6 dxc6 7.dxe5 Nf5 8.Qxd8+ Kxd8
9.h3 Ke8 10.Nc3 h5 11.Bf4 Be7 12.Rad1 Be6 13.Ng5 Rh6 14.g3 Bxg5 15.Bxg5 Rg6
16.h4 f6 17.exf6 gxf6 18.Bf4 Nxh4 19.f3 Rd8 20.Rde1 Kf7 21.Kf2 Nf5 22.Rh1 Ng7
23.Rd1 Rd7 24.Rxd7+ Bxd7 25.Bxc7 Bf5 26.Bb8 Bxc2 27.Rc1 Bf5 28.Bxa7 Rh6 29.Bb6 Rh8
30.Rh1 Re8 31.a4 Re7 32.Rd1 Ne6 33.a5 Ng5 34.b4 Nh3+ 35.Kg2 Ng5 36.Kf2 Nh3+
37.Kg2 Ng5 38.Kf2  1/2-1/2

[Event "15th Karpov GM 2014"]
[Site "Poikovsky RUS"]
[Date "2014.05.16"]
[Round "5.5"]
[White "Nepomniachtchi,I"]
[Black "Motylev,A"]
[Result "0-1"]
[WhiteElo "2735"]
[BlackElo "2687"]

1.e4 c6 2.d4 d5 3.e5 Bf5 4.h4 h5 5.Bd3 Bxd3 6.Qxd3 e6 7.Bg5 Qb6 8.Nd2 Qa6
9.c4 Bb4 10.b3 c5 11.Nf3 Nc6 12.dxc5 Bxc5 13.O-O Nge7 14.a3 Ng6 15.b4 Ncxe5
16.Nxe5 Nxe5 17.Qc3 Bd6 18.f4 Nxc4 19.Nxc4 Qxc4 20.Qxg7 Rf8 21.Rac1 Qe4 22.Qb2 Kd7
23.Rfe1 Qf5 24.Qe2 a6 25.b5 a5 26.b6 Rfc8 27.Qb5+ Rc6 28.Rxc6 bxc6 29.Qb2 f6
30.Rf1 Ke7 31.Qc3 fxg5 32.Qxc6 Rb8 33.hxg5 Qe4 34.f5 Qd4+ 35.Rf2 Qd1+ 36.Rf1 Qd4+
37.Rf2 exf5  0-1

[Event "15th Karpov GM 2014"]
[Site "Poikovsky RUS"]
[Date "2014.05.17"]
[Round "6.4"]
[White "Motylev,A"]
[Black "Eljanov,P"]
[Result "1-0"]
[WhiteElo "2687"]
[BlackElo "2732"]

1.e4 e5 2.Nf3 Nc6 3.Bb5 a6 4.Ba4 Nf6 5.O-O Be7 6.d3 b5 7.Bb3 d6 8.a3 O-O
9.Nc3 Bg4 10.Be3 Nd4 11.Bxd4 exd4 12.Nd5 c5 13.a4 Be6 14.Nxf6+ Bxf6 15.Bxe6 fxe6
16.Qe2 Qd7 17.b3 Qc7 18.Rfe1 Be5 19.g3 h6 20.Nh4 Qf7 21.Ng2 Bf6 22.Ra2 e5
23.Rea1 Rac8 24.axb5 axb5 25.Ra7 Rc7 26.Rxc7 Qxc7 27.Ne1 Qc6 28.Qg4 d5 29.exd5 Qxd5
30.Nf3 c4 31.bxc4 bxc4 32.Nd2 c3 33.Ne4 Qb7 34.Kg2 Kh8 35.h4 Ra8 36.Rxa8+ Qxa8
37.Qf5 Qd5 38.Qg6 Bd8 39.Qe8+ Kh7 40.h5 Bg5 41.Kh3 Qa2 42.Nd6  1-0

[Event "15th Karpov GM 2014"]
[Site "Poikovsky RUS"]
[Date "2014.05.18"]
[Round "7.3"]
[White "Bologan,V"]
[Black "Motylev,A"]
[Result "1-0"]
[WhiteElo "2655"]
[BlackElo "2687"]

1.d4 d5 2.c4 c6 3.Nf3 Nf6 4.e3 Bf5 5.Nc3 e6 6.Nh4 Bg6 7.Be2 Nbd7 8.g3 Bd6
9.O-O Qe7 10.Qb3 Rb8 11.Bd2 O-O 12.Nxg6 hxg6 13.Qc2 a6 14.c5 Bc7 15.b4 e5
16.a4 Qe6 17.Kg2 e4 18.f4 exf3+ 19.Bxf3 Rbe8 20.Rab1 Re7 21.b5 axb5 22.axb5 Ba5
23.Nxd5 Nxd5 24.e4 N7f6 25.exd5 Nxd5 26.Rbe1 Qxe1 27.Rxe1 Rxe1 28.Bg5 Nc7
29.bxc6 Ne6 30.cxb7 Nxg5 31.d5 Bc7 32.d6 Bb8 33.Qd2 Rg1+ 34.Kf2 Nxf3 35.Kxf3 Rf1+
36.Kg2 Rf6 37.Qd5 Rf5 38.Qc6 Ba7 39.d7 Rxc5 40.Qd6 Rd8 41.Qe7 Rc2+ 42.Kh3 Rxd7
43.Qxd7 Rb2 44.Qc8+ Kh7 45.Qa8  1-0

[Event "15th Karpov GM 2014"]
[Site "Poikovsky RUS"]
[Date "2014.05.19"]
[Round "8.3"]
[White "Saric,Iv"]
[Black "Motylev,A"]
[Result "1/2-1/2"]
[WhiteElo "2666"]
[BlackElo "2687"]

1.e4 c6 2.d4 d5 3.e5 Bf5 4.h4 h5 5.Bd3 Bxd3 6.Qxd3 e6 7.Bg5 Be7 8.Nf3 Nh6
9.Nc3 Nf5 10.Ne2 g6 11.Ng3 Nd7 12.Nxf5 gxf5 13.c3 Nf8 14.g3 Ng6 15.b4 Bxg5
16.Nxg5 Qe7 17.O-O Kf8 18.a4  1/2-1/2

[Event "15th Karpov GM 2014"]
[Site "Poikovsky RUS"]
[Date "2014.05.20"]
[Round "9.3"]
[White "Motylev,A"]
[Black "Shirov,A"]
[Result "1/2-1/2"]
[WhiteElo "2687"]
[BlackElo "2703"]

1.e4 c5 2.Nf3 Nc6 3.d4 cxd4 4.Nxd4 e5 5.Nb5 d6 6.N1c3 a6 7.Na3 Be6 8.Nc4 b5
9.Ne3 Nf6 10.g3 b4 11.Ncd5 Nxe4 12.Bg2 f5 13.O-O Be7 14.a3 bxa3 15.Rxa3 O-O
16.f4 g6 17.c3 exf4 18.gxf4 Bh4 19.Ra4 Nc5 20.Rc4  1/2-1/2

[Event "67th ch-RUS HL 2014"]
[Site "Vladivostok RUS"]
[Date "2014.06.04"]
[Round "1.2"]
[White "Oparin,G"]
[Black "Motylev,A"]
[Result "1/2-1/2"]
[WhiteElo "2552"]
[BlackElo "2696"]

1.e4 c6 2.d4 d5 3.e5 Bf5 4.Nd2 e6 5.Nb3 Nd7 6.Nf3 a6 7.Be2 c5 8.dxc5 Bxc5
9.O-O Ba7 10.Nbd4 Bg6 11.c4 Ne7 12.Bg5 dxc4 13.Bxc4 h6 14.Be3 Nb6 15.Bb3 Nbd5
16.Nh4 O-O 17.Qg4 Nxe3 18.fxe3 Bxd4 19.exd4 Bf5 20.Qd1 Qb6 21.Kh1 Bh7 22.Qg4 Rad8
23.Rad1 Bf5 24.Nxf5 Nxf5 25.Rxf5 exf5 26.Qxf5 Rxd4 27.Rf1 g6 28.Qf2 Qd8 29.Bxf7+ Kg7
30.h3 Re4 31.Qf3 Rxe5 32.Qc3 Qd6 33.Re1 Rxf7 34.Qxe5+ Qxe5 35.Rxe5 Rf1+ 36.Kh2 Kf6
37.Re4 b5 38.a4 Kf5 39.Re8 Rb1 40.Ra8 Rxb2 41.Rxa6 bxa4  1/2-1/2

[Event "67th ch-RUS HL 2014"]
[Site "Vladivostok RUS"]
[Date "2014.06.05"]
[Round "2.10"]
[White "Motylev,A"]
[Black "Looshnikov,N"]
[Result "1-0"]
[WhiteElo "2696"]
[BlackElo "2480"]

1.e4 e5 2.Nf3 Nc6 3.d4 exd4 4.Nxd4 Bb4+ 5.c3 Bc5 6.Be3 Bb6 7.Nf5 Bxe3 8.Nxe3 Nf6
9.f3 O-O 10.c4 d6 11.Nc3 Re8 12.Qd2 Bd7 13.Be2 a6 14.O-O Qb8 15.Kh1 Qa7 16.Rad1 Ne5
17.g4 Bc6 18.Nf5 Qc5 19.h4 Bd7 20.Ng3 Kh8 21.g5 Ng8 22.Nd5 Ne7 23.b4 Qc6
24.f4 Nxc4 25.Bxc4 Qxc4 26.Rc1 Qb5 27.Nxc7 Qb6 28.Nxa8 Rxa8 29.f5 Ng8 30.Rfd1 Ba4
31.Qd4 Qd8 32.Rd2 f6 33.Qxd6 Qe8 34.Rc7 Bc6 35.Qe6 Qf8 36.Qf7 Qxf7 37.Rxf7 Re8
38.Kh2 fxg5 39.hxg5 h6 40.Kg1 hxg5 41.Rh2+ Nh6 42.f6 Bxe4 43.Rxg7  1-0

[Event "67th ch-RUS HL 2014"]
[Site "Vladivostok RUS"]
[Date "2014.06.06"]
[Round "3.3"]
[White "Sjugirov,S"]
[Black "Motylev,A"]
[Result "1/2-1/2"]
[WhiteElo "2645"]
[BlackElo "2696"]

1.d4 d5 2.c4 c6 3.Nf3 Nf6 4.Nc3 e6 5.Bg5 h6 6.Bxf6 Qxf6 7.e3 g6 8.Rc1 Nd7
9.cxd5 exd5 10.Bd3 Bg7 11.b4 a6 12.a4 Qd6 13.Qb3 Nf6 14.O-O O-O 15.a5 Be6
16.Na4 Rae8 17.Nc5 Bc8 18.Rce1 Nh5 19.Be2 Nf6 20.Bd3 Nh5 21.Be2 Nf6 22.Bd3  1/2-1/2

[Event "67th ch-RUS HL 2014"]
[Site "Vladivostok RUS"]
[Date "2014.06.07"]
[Round "4.5"]
[White "Motylev,A"]
[Black "Alekseev,Evgeny"]
[Result "1/2-1/2"]
[WhiteElo "2696"]
[BlackElo "2673"]

1.e4 c5 2.Nf3 e6 3.d4 cxd4 4.Nxd4 Nc6 5.Nc3 a6 6.Nxc6 bxc6 7.Qd3 d5 8.Qg3 h5
9.Bd3 h4 10.Qf3 Ne7 11.exd5 cxd5 12.Bf4 Nc6 13.O-O-O Bd6 14.Bxd6 Qxd6 15.Rhe1 Ne5
16.Qe3 Nxd3+ 17.Rxd3 Bb7 18.Ne4 Qe7 19.Ng5 Rc8 20.f4 Kf8 21.Rc3 Rxc3 22.Qxc3 Qd6
23.Qd4 Bc8 24.Kb1 f6 25.Ne4 Qe7 26.Nc5 Qd6 27.Ne4 Qe7 28.Nc5 Qd6 29.Ne4  1/2-1/2

[Event "67th ch-RUS HL 2014"]
[Site "Vladivostok RUS"]
[Date "2014.06.08"]
[Round "5.5"]
[White "Goganov,A"]
[Black "Motylev,A"]
[Result "1-0"]
[WhiteElo "2591"]
[BlackElo "2696"]

1.d4 d5 2.c4 c6 3.Nf3 Nf6 4.Nc3 e6 5.Bg5 h6 6.Bxf6 Qxf6 7.e3 g6 8.Bd3 Bg7
9.O-O O-O 10.e4 dxc4 11.Bxc4 Nd7 12.e5 Qe7 13.Re1 b5 14.Bd3 Bb7 15.Be4 Rfd8
16.Qe2 Nb6 17.Rac1 Rac8 18.Nb1 Nc4 19.Rc2 c5 20.Bxb7 Qxb7 21.dxc5 Rd5 22.b4 Nxe5
23.Nc3 Nxf3+ 24.Qxf3 Bxc3 25.Rxc3 Qd7 26.Rec1 Rd4 27.a3 Qc6 28.Qxc6 Rxc6
29.Kf1 a5 30.Rb1 Rd5 31.bxa5 Rdxc5 32.Rxc5 Rxc5 33.Rb4 Kf8 34.a4 bxa4 35.Rxa4 Rc7
36.a6 Ra7 37.Ke2 Ke7 38.Kd3 Kd6 39.Kc4 Kc6 40.Kb4 Kb6 41.Ra5 Kc6 42.Ra2 Kb6
43.Ra5 Kc6 44.h4 g5 45.h5 g4 46.g3 f6 47.Ra2 Kb6 48.Rd2 Rg7 49.Rd6+ Ka7 50.Rxe6 Rg5
51.Rxf6 Rxh5 52.Kc4 Rh2 53.Kd4 h5 54.Ke3 Rg2 55.Rg6 Rh2 56.Rh6 Kb8 57.Rh7 Ka8
58.a7 Rh3 59.Kf4 Rh2 60.Kg5 Rxf2 61.Rxh5 Kxa7 62.Kxg4 Kb6 63.Rf5 Rh2 64.Kg5 Rh8
65.Rf6+ Kc7 66.g4 Kd7 67.Kf5 Ke7 68.g5 Rb8 69.Kg6  1-0

[Event "67th ch-RUS HL 2014"]
[Site "Vladivostok RUS"]
[Date "2014.06.10"]
[Round "6.11"]
[White "Motylev,A"]
[Black "Evdokimov,Alexa"]
[Result "1-0"]
[WhiteElo "2696"]
[BlackElo "2548"]

1.e4 c6 2.d4 d5 3.e5 Bf5 4.h4 Qb6 5.a4 c5 6.Bb5+ Bd7 7.dxc5 Qxc5 8.Be3 Qc7
9.Qxd5 e6 10.Qe4 Ne7 11.Nf3 Nd5 12.O-O a6 13.Bxd7+ Nxd7 14.Nbd2 Nxe3 15.Qxe3 Be7
16.c3 O-O 17.a5 Rad8 18.h5 Nb8 19.Ra4 Kh8 20.Nc4 Qc6 21.Rfa1 Nd7 22.Ncd2 Bc5
23.Qe4 Qc7 24.Rc4 b5 25.axb6 Qxb6 26.Rf1 a5 27.Ng5 f5 28.exf6 Nxf6 29.Qc2 Be3
30.Ngf3 Bxd2 31.Nxd2 Nxh5 32.Rh4 Nf6 33.Nf3 Rd5 34.Re1 Kg8 35.b4 axb4 36.Rxb4 Qd6
37.Qb3 Nd7 38.Rd4 Nc5 39.Qc2 h6 40.Qe2 Rf6 41.Red1 Rxd4 42.Nxd4 Qf4 43.g3 Qc7
44.Re1 Kh8 45.Qb5 Rf8 46.Qc6 Qxc6 47.Nxc6 Rf3 48.c4 Rc3 49.Ne5 g5 50.Ra1 Nd3
51.Nxd3 Rxd3 52.Rc1 Kg7 53.c5 Kf6 54.c6 Rd8 55.Kg2 g4 56.Kf1 Ke7 57.Ke2 Rc8
58.Ke3 Kd6 59.Rd1+ Kc7 60.Rh1 Rh8 61.Kf4 h5 62.Rc1 Rf8+ 63.Kg5 Rf5+ 64.Kg6 Kc8
65.Rc2 Rd5 66.Kf6 h4 67.gxh4 Rh5 68.Kxe6 Kc7 69.Kf6 Rxh4 70.Kg5 Rh8 71.Kxg4 Rg8+
72.Kh4 Rh8+ 73.Kg3 Rg8+ 74.Kh3 Rf8 75.Kg2 Rg8+ 76.Kf1 Rf8 77.Rc3 Rf6 78.f3 Rf4
79.Kf2 Rf8 80.Rc4 Rf6 81.f4 Rf7 82.Kg3 Rf8 83.Kf3 Rf7 84.Kg4 Rg7+ 85.Kh5 Rh7+
86.Kg6 Rh4 87.Kg5  1-0

[Event "67th ch-RUS HL 2014"]
[Site "Vladivostok RUS"]
[Date "2014.06.11"]
[Round "7.7"]
[White "Kobalia,M"]
[Black "Motylev,A"]
[Result "1/2-1/2"]
[WhiteElo "2627"]
[BlackElo "2696"]

1.e4 c5 2.Nf3 d6 3.Bb5+ Nd7 4.O-O a6 5.Bd3 g6 6.c3 Bg7 7.Bc2 Ne5 8.Nxe5 dxe5
9.a4 b6 10.Na3 Nf6 11.Nc4 Nd7 12.b4 cxb4 13.cxb4 Nb8 14.Bb2 Nc6 15.f4 Nxb4
16.Nxe5 f6 17.Nf3 Nd3 18.Bxd3 Qxd3 19.Qb1 Qxb1 20.Rfxb1 Bb7 21.d3 Kf7 22.Bd4 b5
23.axb5 axb5 24.Rxa8 Rxa8 25.Rxb5 Bc8 26.Rb3 Bh6 27.Be3 Ra2 28.Nd2 Rc2 29.Kf2 f5
30.Kg3 e5 31.Nf3 exf4+ 32.Bxf4 Bxf4+ 33.Kxf4 fxe4 34.dxe4 Rxg2 35.Rc3 Bd7
36.Rc7 Ke6 37.e5 Ke7 38.Ra7 Ke8 39.Ra8+ Ke7 40.Ra7 Ke8 41.Ra8+  1/2-1/2

[Event "67th ch-RUS HL 2014"]
[Site "Vladivostok RUS"]
[Date "2014.06.12"]
[Round "8.7"]
[White "Motylev,A"]
[Black "Belous,V"]
[Result "1-0"]
[WhiteElo "2696"]
[BlackElo "2586"]

1.e4 e5 2.Nf3 Nf6 3.Nxe5 d6 4.Nf3 Nxe4 5.Nc3 Nf6 6.d4 Be7 7.Bd3 O-O 8.h3 Nbd7
9.O-O Re8 10.Ne2 Nf8 11.Ng3 Ng6 12.c4 c6 13.Qc2 Qc7 14.Re1 Bd7 15.Bg5 Bf8
16.h4 Be7 17.h5 Nf8 18.Rxe7 Rxe7 19.h6 Ne6 20.Bh4 Ree8 21.hxg7 Ng4 22.Bxh7+ Kxg7
23.Nh5+ Kf8 24.Qf5  1-0

[Event "67th ch-RUS HL 2014"]
[Site "Vladivostok RUS"]
[Date "2014.06.13"]
[Round "9.4"]
[White "Demchenko,A"]
[Black "Motylev,A"]
[Result "0-1"]
[WhiteElo "2613"]
[BlackElo "2696"]

1.e4 c6 2.d3 d5 3.Nd2 e5 4.Ngf3 Bd6 5.g3 Nf6 6.Bg2 O-O 7.O-O Re8 8.b3 a5
9.a3 Nbd7 10.Bb2 Nf8 11.exd5 cxd5 12.c4 Bf5 13.Re1 N8d7 14.cxd5 Bxd3 15.Rc1 Bc5
16.Nxe5 Bxf2+ 17.Kxf2 Qb6+ 18.Kf3 Nxd5 19.Nec4 Qc6 20.Nxa5 Qg6 21.Bh3 N7f6
22.Kf2 Qh6 23.Nf1 Bxf1 24.Bxf1 Ne3 25.Qd4 Qxh2+ 26.Kf3 Qh1+ 27.Kf2 Neg4+  0-1